000 00983nam a2200217Ia 4500
999 _c39187
_d39187
001 5772
003 GE_BSU
005 20190531183529.0
008 181216s1982||||ge |||||||||||||| ||geo||
040 _cGE_BSU
041 _ageo
080 _a620.18(075.8) ო-87
100 _aოქროსაშვილი, მ.
_91916
245 _aმეტალოგრაფიული კვლევის მეთოდები :
_bდამხმ. სახელმძღ. /
_cმ. ოქროსაშვილი, ი. ჯანელიძე ; რედ. მ. ძიძიგური
_h.
264 _aთბილისი :
_bსპი,
_c1982.
300 _a99 გვ. :
_bილ.;
_c20 სმ.
653 _aმეტალოგრაფიული კვლევის მეთოდები
700 _aჯანელიძე, ი.
_eავტორი
_91187
700 _aძიძიგური, მ.
_eრედაქტორი
_9472
942 _cBK
_2udc